000 00428nam a22001697a 4500
005 20160622105808.0
008 160622b xxu||||| |||| 00| 0 eng d
020 _a978-81-317-0206-2
041 _aeng
082 _b9130
100 _aRogers, Gordon and Mayhew, Yon
_92456
245 _aEngineering Thermodynamics
260 _a Delhi
_bPearson Education
300 _a637
650 _aDiploma Engineering
_9817
942 _cBK
999 _c3490
_d3489